| Tag |
First Indicator |
Second Indicator |
Subfields |
| LEADER |
00000cam a2200000 4500 |
| 001 |
in00000058826 |
| 005 |
20151008050503.0 |
| 008 |
751124s1920 nyu 00000 eng d |
| 010 |
|
|
|a 20008819
|
| 035 |
|
|
|a (OCoLC)01850485
|
| 035 |
|
|
|9 AAG1327AM
|
| 040 |
|
|
|a FBA
|c FBA
|d TXA
|d UtOrBLW
|
| 049 |
|
|
|a TXAM
|c [13564]
|
| 050 |
0 |
0 |
|a JK1758
|b T3 1920
|
| 092 |
|
|
|a 325.73
|b T142a2
|
| 100 |
1 |
|
|a Talbot, Winthrop.
|
| 245 |
1 |
0 |
|a Americanization ;
|b principles (sic. principals) of Americanism, essentials of Americanization, technic of race-assimilation /
|c annotated bibliography, comp. and ed. by Winthrop Talbot ...
|
| 250 |
|
|
|a 2d ed., rev. and enl. by Julia E. Johnsen.
|
| 264 |
|
1 |
|a New York :
|b The H. W. Wilson company,
|c 1920.
|
| 300 |
|
|
|a ixiv pages, 1 leaf, 373 pages ;
|c 20 cm.
|
| 336 |
|
|
|a text
|b txt
|2 rdacontent
|
| 337 |
|
|
|a unmediated
|b n
|2 rdamedia
|
| 338 |
|
|
|a volume
|b nc
|2 rdacarrier
|
| 490 |
1 |
|
|a The handbook series
|
| 504 |
|
|
|a "Select bibliography on Americanization": pages [xiii]-ixiv.
|
| 650 |
|
0 |
|a Americanization.
|
| 700 |
1 |
|
|a Johnsen, Julia Emily.
|
| 830 |
|
0 |
|a Handbook series.
|
| 999 |
|
|
|a MARS
|
| 999 |
f |
f |
|s bdda375d-db21-3979-ba9b-d6109217a942
|i 8cd0a660-1710-3355-896d-f314457a4a49
|t 0
|
| 952 |
f |
f |
|p normal
|a Texas A&M University
|b College Station
|c Sterling C. Evans Library
|d Evans: Library Stacks
|t 0
|e JK1758 T3 1920
|h Library of Congress classification
|i unmediated -- volume
|m A14800672422
|
| 998 |
f |
f |
|a JK1758 T3 1920
|t 0
|l Evans: Library Stacks
|